01620nam a2200481 i 450000100060000000300090000600500170001500800390003201500180007102000150008903500230010403500360012703500140016303500210017703500230019803500440022104000280026508000100029308000110030308000100031408000100032424500990033424600180043325000470045126000540049830000260055233600270057833700540060533800280065938000160068738800140070338800140071750400440073165000230077565100160079865800370081470000420085171000560089385600980094994200120104799900170105995200620107629851KOSZ 00520200717121656.0970510s1993 pl f |000 0 pol aUWD 1995/9663 a8385575057 a991000150169705066 a(PL-WaBN)b10085920-48omnis_nlop ab10085920 a(OCoLC)749415351 a(PL)b0000001008592 a(EXLNZ-48OMNIS_NETWORK)9910186432705606 aWA NcWA NdKOSZ 005/EG a342.9 a351.72 a336.7 a(438)00aPrawo bankowe, ustawa o Narodowym Banku Polskim, przepisy związkowe /coprac. Marek Jakubek.18aPrawo bankowe aStan prawny na dzień 25 kwietnia 1993 r. aLublin :bLubelskie Wydawnictwa Prawnicze,c1993. a348, [1] s. ;c20 cm. aTekstbtxt2rdacontent aBez urządzenia pośredniczącegobn2rdamedia aWoluminbnc2rdacarrier aKsiążki a1901-2000 a1989-2000 aWykaz aktów prawnych s. 240-242, 299. 7aPrawo bankowe2DBN 7aPolska2DBN aPrawo i wymiar sprawiedliwości1 aJakubek, Marekd(1951- )eOpracowanie2 aLubelskie Wydawnictwa Prawnicze, Marek Jakubek4pbl uhttp://koha.tu.koszalin.pl/cgi-bin/koha/opac-detail.pl?biblionumber=29851yKatalog online BPK 2UKDcKS c29851d29851 00104071aBPKbBPKcco36252p01802337t336.7 P.B.GyKS